[Event "Gent op 20th"]
[Site "Gent"]
[Date "1997.??.??"]
[Round "5"]
[White "Berry, Stephen H"]
[Black "Johansen, Darryl Keith"]
[Result "0-1"]
[WhiteElo "2290"]
[BlackElo "2500"]
[PlyCount "108"]
[EventDate "1997.??.??"]
[EventType "swiss"]
[EventRounds "9"]
[EventCountry "BEL"]
[SourceTitle "EXT 1998"]
[Source "ChessBase"]
[SourceDate "1997.11.17"]
[SourceVersion "1"]
[SourceVersionDate "1997.11.17"]
[SourceQuality "1"]

1. b3 d5 2. Bb2 Bg4 3. d3 c5 4. Nd2 Nc6 5. Ngf3 f6 6. e4 e5 7. Be2 Nh6 8. O-O
Be6 9. c3 d4 10. cxd4 cxd4 11. a3 Be7 12. b4 O-O 13. Nb3 a5 14. b5 a4 15. Nbd2
Na5 16. Nc4 Nb3 17. Rb1 Bxc4 18. dxc4 Nc5 19. Bd3 Nf7 20. Qe2 Qc7 21. Nd2 Rfd8
22. g3 Ng5 23. Rbe1 Nge6 24. h4 Bd6 25. Rd1 Qe7 26. Ra1 Bc7 27. Rad1 Kh8 28.
Nf3 Rac8 29. h5 Nxd3 30. Rxd3 Nc5 31. Rdd1 d3 32. Qe3 Bb6 33. Nd2 Qe6 34. Qf3
Ba5 35. h6 g6 36. Kg2 Rd6 37. Qe3 Nd7 38. Qf3 Kg8 39. Rfe1 Nb6 40. Bc1 Nxc4 41.
Nxc4 Qxc4 42. Bd2 Bxd2 43. Rxd2 Qxb5 44. g4 Rc3 45. Re3 Rxa3 46. g5 Kf7 47.
gxf6 Rc3 48. Qg3 a3 49. Rf3 b6 50. Rf5 Rc5 51. Rf3 Qc6 52. Qg4 Rc4 53. Re3 Rc3
54. Qg3 Qc5 0-1

[Event "Gent op 20th"]
[Site "Gent"]
[Date "1997.??.??"]
[Round "8"]
[White "Goormachtigh, Johan"]
[Black "Berry, Stephen H"]
[Result "1/2-1/2"]
[WhiteElo "2320"]
[BlackElo "2290"]
[PlyCount "93"]
[EventDate "1997.??.??"]
[EventType "swiss"]
[EventRounds "9"]
[EventCountry "BEL"]
[SourceTitle "EXT 1998"]
[Source "ChessBase"]
[SourceDate "1997.11.17"]
[SourceVersion "1"]
[SourceVersionDate "1997.11.17"]
[SourceQuality "1"]

1. d4 Nf6 2. c4 d6 3. Nc3 Nbd7 4. e4 e5 5. Nf3 Be7 6. Be2 O-O 7. O-O c6 8. Qc2
a6 9. Rd1 Qc7 10. h3 b5 11. a3 Bb7 12. Bg5 Rfe8 13. Rac1 Rac8 14. b4 h6 15. Be3
exd4 16. Nxd4 Bf8 17. Nb3 c5 18. Nd5 Nxd5 19. cxd5 c4 20. Nd4 Nf6 21. Bf3 g6
22. a4 Qd7 23. Ra1 Ra8 24. Ne2 Bg7 25. Nc3 Rec8 26. Bd4 a5 27. Rab1 axb4 28.
Rxb4 Qd8 29. axb5 Ra3 30. Rdb1 Nxd5 31. Nxd5 Bxd4 32. Rxc4 Rxc4 33. Qxc4 Be5
34. Qc7 Qg5 35. Qxb7 Rxf3 36. Qc8+ Kg7 37. Qg4 Rb3 38. Rd1 Rxb5 39. Qxg5 hxg5
40. g3 Ra5 41. Kg2 Ra2 42. Ne3 Kf6 43. Nc4 Ke6 44. Rd2 Rxd2 45. Nxd2 d5 46.
exd5+ Kxd5 47. Kf3 1/2-1/2

[Event "Surrey League Mitcham 1 v Sutton"]
[Site "?"]
[Date "1997.04.25"]
[Round "?"]
[White "Hannot, Jean Charles"]
[Black "Berry, Stephen H"]
[Result "0-1"]
[WhiteElo "1904"]
[BlackElo "2352"]
[PlyCount "70"]
[EventDate "1997.04.25"]
[SourceTitle "Din29"]

1. Nf3 d6 2. g3 e5 3. d3 f5 4. Bg2 Nf6 5. O-O Be7 6. Nbd2 O-O 7. e4 Nc6 8. c3
Kh8 9. Qb3 fxe4 10. dxe4 Qe8 11. Nh4 Nd8 12. Qc4 c6 13. Qd3 Ne6 14. Nb3 d5 15.
exd5 cxd5 16. Qe2 Bd6 17. Nf5 Bc7 18. Ne3 e4 19. Rd1 Bb6 20. Nf5 Nf4 21. Bxf4
Bxf5 22. h3 Rd8 23. Nd4 Bg6 24. a4 a6 $11 25. b4 $6 Rc8 26. Ra3 Qd7 27. Kh2 $2
Bh5 $1 28. Qd2 $2 (28. f3 $142) 28... Bxd1 29. Qxd1 h6 30. h4 Ng4+ 31. Kg1 h5
32. f3 exf3 33. Bxf3 Rxf4 $5 34. gxf4 Rf8 35. f5 $2 Qxf5 0-1

[Event "Gent op 21st"]
[Site "Gent"]
[Date "1998.??.??"]
[Round "?"]
[White "Berry, Stephen H"]
[Black "Dutreeuw, Marc"]
[Result "0-1"]
[WhiteElo "2290"]
[BlackElo "2405"]
[PlyCount "96"]
[EventDate "1998.??.??"]
[EventType "swiss"]
[EventRounds "7"]
[EventCountry "BEL"]
[SourceTitle "EXT 2002"]
[Source "ChessBase"]
[SourceDate "2001.11.25"]
[SourceVersion "1"]
[SourceVersionDate "2001.11.25"]
[SourceQuality "1"]

1. e4 e5 2. Nf3 Nf6 3. d3 Nc6 4. Be2 d5 5. exd5 Nxd5 6. O-O Be7 7. a3 O-O 8. c4
Nb6 9. Qc2 Bf5 10. Nbd2 a5 11. b3 Nd7 12. Bb2 f6 13. Ne4 Nc5 14. Rad1 Ne6 15.
Rfe1 Ncd4 16. Nxd4 Nxd4 17. Bxd4 Qxd4 18. Ng3 Bg6 19. Bh5 Bxh5 20. Nxh5 Bxa3
21. Qe2 Bb4 22. Rf1 Rad8 23. Ng3 c6 24. Kh1 f5 25. f4 Rde8 26. Qh5 g6 27. Qg5
Be7 28. Qh6 Bf6 29. fxe5 Bxe5 30. Rf3 Bg7 31. Qd2 Qc3 32. Qxc3 Bxc3 33. d4 Bb4
34. Kg1 b5 35. Kf1 bxc4 36. bxc4 a4 37. Ne2 Ra8 38. Nc1 Rfd8 39. Na2 Bd6 40. h3
Rdb8 41. d5 cxd5 42. Rxd5 Bf8 43. Rd2 a3 44. Ke2 Rb2 45. Rfd3 Bh6 46. Rxb2 axb2
47. Nc3 Bg7 48. Nb1 Rc8 0-1

[Event "Gent op 21st"]
[Site "Gent"]
[Date "1998.??.??"]
[Round "?"]
[White "Iuldachev, Saidali"]
[Black "Berry, Stephen H"]
[Result "1-0"]
[WhiteElo "2515"]
[BlackElo "2290"]
[PlyCount "54"]
[EventDate "1998.??.??"]
[EventType "swiss"]
[EventRounds "7"]
[EventCountry "BEL"]
[SourceTitle "EXT 2002"]
[Source "ChessBase"]
[SourceDate "2001.11.25"]
[SourceVersion "1"]
[SourceVersionDate "2001.11.25"]
[SourceQuality "1"]

1. e4 e5 2. Nf3 d6 3. d4 exd4 4. Nxd4 Nf6 5. Nc3 Be7 6. g3 d5 7. e5 Ng4 8. e6
Nf6 9. exf7+ Kxf7 10. Bg2 Re8 11. O-O c6 12. Re1 Na6 13. h3 Qb6 14. g4 h6 15.
g5 hxg5 16. Bxg5 Rh8 17. Bxd5+ cxd5 18. Rxe7+ Kf8 19. Qd3 Qd6 20. Bxf6 Qxf6 21.
Rae1 Bxh3 22. Nxd5 Qg5+ 23. Qg3 Qxg3+ 24. fxg3 Rd8 25. c4 Nc5 26. Rc7 Nd7 27.
Nf4 g5 1-0

[Event "Leuven op 11th"]
[Site "Leuven"]
[Date "1999.11.??"]
[Round "?"]
[White "Berry, Stephen H"]
[Black "Kogan, Artur"]
[Result "1-0"]
[WhiteElo "2275"]
[BlackElo "2518"]
[PlyCount "127"]
[EventDate "1999.??.??"]
[EventType "swiss"]
[EventCountry "BEL"]

1. e4 c5 2. Nf3 Nc6 3. Bb5 e6 4. Bxc6 bxc6 5. O-O Ne7 6. d3 Ng6 7. Ng5 e5 8.
Qh5 Qf6 9. Nxh7 Qd6 10. Nc3 Ba6 11. f4 exf4 12. Ne2 O-O-O 13. Nxf4 Nxf4 14.
Bxf4 Qd4+ 15. Kh1 g6 16. Qh4 Qg7 17. Qe1 Kb7 18. Ng5 c4 19. Qa5 Be7 20. Nxf7
Qxf7 21. Qc7+ Ka8 22. Be3 Rxh2+ 23. Kxh2 Qh7+ 24. Kg1 Bb7 25. Rf3 c5 26. Raf1
Qh4 27. Bxc5 Rc8 28. Bxe7 Qxe7 29. Qa5 a6 30. Rf7 Qd6 31. Qc3 cxd3 32. Qxd3
Qb6+ 33. R1f2 Bc6 34. c3 Re8 35. Qd4 Qb8 36. Rxd7 Bxd7 37. Qxd7 Qb5 38. Qxb5
axb5 39. Re2 Kb7 40. Kf2 Kc6 41. Ke3 Kc5 42. Rd2 Ra8 43. a3 Re8 44. Rd4 Rf8 45.
a4 bxa4 46. Rxa4 Rf1 47. Ra5+ Kc4 48. Rg5 Rb1 49. Rxg6 Rxb2 50. g4 Rg2 51. g5
Kxc3 52. Rc6+ Kb4 53. Kf4 Kb5 54. Rc1 Kb6 55. Kf5 Rf2+ 56. Ke6 Rg2 57. Kf6 Rf2+
58. Kg7 Re2 59. g6 Rxe4 60. Kg8 Rg4 61. g7 Rg2 62. Rh1 Kc7 63. Kh7 Rh2+ 64.
Rxh2 {Source: www.khcc.org.uk} 1-0

[Event "County Match"]
[Site "?"]
[Date "2000.01.15"]
[Round "1.1"]
[White "Berry, Stephen H"]
[Black "Dickinson, Tim"]
[Result "1/2-1/2"]
[WhiteElo "2448"]
[BlackElo "2152"]
[PlyCount "90"]
[EventDate "2000.01.15"]
[EventCountry "ENG"]
[WhiteTeam "Surrey"]
[BlackTeam "Oxfordshire"]
[WhiteTeamCountry "ENG"]
[BlackTeamCountry "ENG"]

1. e4 c6 2. d4 d5 3. e5 Bf5 4. Nf3 e6 5. Be2 Ne7 6. O-O Nd7 7. Nh4 Be4 8. Nd2
Nf5 9. Nhf3 Qb6 10. c3 c5 11. Nxe4 dxe4 12. Ng5 cxd4 13. g4 d3 14. Bxd3 exd3
15. gxf5 exf5 16. Qxd3 Qg6 17. Rd1 Rd8 18. Qd5 h6 19. e6 fxe6 20. Qxe6+ Qxe6
21. Nxe6 Rc8 22. Be3 b6 23. Rd5 g6 24. Nxf8 Nxf8 25. a4 Ne6 26. a5 f4 27. Bd4
Rh7 28. axb6 axb6 29. Re5 Rc6 30. Ra8+ Kf7 31. Ra7+ Kg8 32. Ra8+ Kf7 33. Kg2
Nxd4 34. cxd4 Kf6 35. Rf8+ Rf7 36. Rxf7+ Kxf7 37. Kf3 g5 38. Rb5 Rc4 39. h4
Rxd4 40. hxg5 hxg5 41. Rxb6 Rd2 42. b4 g4+ 43. Kxg4 Rxf2 44. b5 Ke7 45. Rh6 Kd7
{Source: Tim Dickenson, 18 January 2019} 1/2-1/2

[Event "4NCL-chT2 0001"]
[Site "Birmingham"]
[Date "2000.09.23"]
[Round "1.2"]
[White "Addison, Bret"]
[Black "Berry, Stephen H"]
[Result "0-1"]
[WhiteElo "2222"]
[BlackElo "2279"]
[PlyCount "70"]
[EventDate "2000.11.26"]
[EventType "team"]
[EventRounds "11"]
[EventCountry "ENG"]
[SourceTitle "CBM 079 Extra"]
[Source "ChessBase"]
[SourceDate "2001.01.11"]
[SourceVersion "2"]
[SourceVersionDate "2001.01.25"]
[SourceQuality "1"]
[WhiteTeam "PER"]
[BlackTeam "Kigns Head"]
[WhiteTeamCountry "ENG"]
[BlackTeamCountry "ENG"]

1. d4 Nf6 2. c4 e6 3. Nf3 b6 4. g3 Bb7 5. Bg2 Be7 6. O-O O-O 7. d5 exd5 8. Nh4
c6 9. cxd5 Nxd5 10. Nf5 Nc7 11. Nc3 d5 12. e4 Bf6 13. Re1 Bc8 14. g4 Bxf5 15.
gxf5 Nd7 16. exd5 Nxd5 17. Nxd5 cxd5 18. Bxd5 Rc8 19. Bf4 Bxb2 20. Rb1 Bc3 21.
Re3 Nf6 22. Rd3 Nxd5 23. Rxd5 Qf6 24. Qg4 Rc5 25. Bg5 Qc6 26. Rd3 Bf6 27. Rbd1
h5 28. Qxh5 Rxf5 29. Rg3 Qc5 30. Bxf6 Qxf2+ 31. Kh1 Rxh5 32. Rxg7+ Kh8 33. Rg5+
Kh7 34. Rxh5+ Kg6 35. Rh3 Kxf6 0-1

[Event "4NCL-chT2 0001"]
[Site "Birmingham"]
[Date "2000.11.25"]
[Round "3.1"]
[White "Houska, Jovanka"]
[Black "Berry, Stephen H"]
[Result "1-0"]
[WhiteElo "2300"]
[BlackElo "2279"]
[PlyCount "101"]
[EventDate "2000.11.26"]
[EventType "team"]
[EventRounds "11"]
[EventCountry "ENG"]
[SourceTitle "CBM 079 Extra"]
[Source "ChessBase"]
[SourceDate "2001.01.11"]
[SourceVersion "2"]
[SourceVersionDate "2001.01.25"]
[SourceQuality "1"]
[WhiteTeam "Slough II"]
[BlackTeam "Kigns Head"]
[WhiteTeamCountry "ENG"]
[BlackTeamCountry "ENG"]

1. e4 e5 2. Nc3 Nc6 3. g3 Bc5 4. Bg2 a6 5. Nf3 d6 6. O-O Bg4 7. h3 Be6 8. d3 f6
9. Be3 Nge7 10. d4 exd4 11. Nxd4 Nxd4 12. Bxd4 Bxd4 13. Qxd4 Nc6 14. Qe3 Qd7
15. Kh2 O-O 16. Rad1 Rae8 17. f4 Qf7 18. Rfe1 Kh8 19. Qf2 f5 20. exf5 Qxf5 21.
Nd5 Bxd5 22. Rxd5 Qf6 23. c3 h6 24. Be4 Ne7 25. Rdd1 c6 26. Bb1 g6 27. Re4 d5
28. Re2 Nf5 29. Rde1 Rxe2 30. Rxe2 Rf7 31. Re8+ Kg7 32. Bxf5 Qxf5 33. Qe2 h5
34. Re5 Qf6 35. Qd3 h4 36. Kg2 hxg3 37. Kxg3 Kh7 38. h4 Rg7 39. Kh3 Rf7 40. Kg3
Rg7 41. b3 Rf7 42. Qd4 Kh6 43. c4 dxc4 44. bxc4 b5 45. c5 a5 46. Qe4 b4 47. h5
Kg7 48. hxg6 Rd7 49. Qh1 Rd8 50. Qh7+ Kf8 51. Rf5 1-0

[Event "4NCL-chT2 0001"]
[Site "Birmingham"]
[Date "2000.11.26"]
[Round "4.1"]
[White "Berry, Stephen H"]
[Black "Quillan, Gary"]
[Result "1-0"]
[WhiteElo "2279"]
[BlackElo "2320"]
[PlyCount "109"]
[EventDate "2000.11.26"]
[EventType "team"]
[EventRounds "11"]
[EventCountry "ENG"]
[SourceTitle "CBM 079 Extra"]
[Source "ChessBase"]
[SourceDate "2001.01.11"]
[SourceVersion "2"]
[SourceVersionDate "2001.01.25"]
[SourceQuality "1"]
[WhiteTeam "Kigns Head"]
[BlackTeam "NW Eagles"]
[WhiteTeamCountry "ENG"]
[BlackTeamCountry "ENG"]

1. e4 e6 2. d4 d5 3. e5 c5 4. c3 Nc6 5. Nf3 Bd7 6. Be2 f6 7. O-O Qc7 8. Bf4 Qb6
9. Qd2 g5 10. dxc5 Bxc5 11. b4 gxf4 12. bxc5 Qc7 13. Na3 Nxe5 14. Nxe5 fxe5 15.
c4 Nf6 16. cxd5 exd5 17. Nb5 Bxb5 18. Bxb5+ Kf7 19. Rac1 Rhg8 20. f3 Rg5 21.
Rf2 h5 22. h4 Rg3 23. Ba4 Rag8 24. Bb3 Ke6 25. Kh1 Rd8 26. Re2 Kf7 27. Rce1 e4
28. Rxe4 Nxe4 29. Rxe4 Rg6 30. Rxf4+ Kg8 31. Rf5 Qe7 32. Bxd5+ Kg7 33. Qc3+ Kh6
34. Qc1+ Kg7 35. Rf7+ Qxf7 36. Bxf7 Kxf7 37. Qf4+ Kg8 38. Kh2 Rf8 39. Qe4 Rg7
40. Qd5+ Kh8 41. Qxh5+ Kg8 42. Qd5+ Kh7 43. g4 Rgf7 44. Kg3 b5 45. cxb6 axb6
46. g5 Rf5 47. Qe4 Kg8 48. Kg4 R5f7 49. f4 b5 50. f5 b4 51. f6 Kh8 52. Qf5 Kg8
53. Qg6+ Kh8 54. Qh6+ Kg8 55. g6 1-0

[Event "4NCL-chT2 0001"]
[Site "Birmingham"]
[Date "2001.01.27"]
[Round "5.1"]
[White "Berry, Stephen H"]
[Black "Headlong, Timothy"]
[Result "1-0"]
[WhiteElo "2279"]
[BlackElo "2248"]
[PlyCount "85"]
[EventDate "2000.11.26"]
[EventType "team"]
[EventRounds "11"]
[EventCountry "ENG"]
[SourceTitle "CBM 079 Extra"]
[Source "ChessBase"]
[SourceDate "2001.01.11"]
[SourceVersion "2"]
[SourceVersionDate "2001.01.25"]
[SourceQuality "1"]
[WhiteTeam "Kigns Head"]
[BlackTeam "WIT"]
[WhiteTeamCountry "ENG"]
[BlackTeamCountry "ENG"]

1. e4 c5 2. Nf3 g6 3. d4 Bg7 4. d5 d6 5. Be2 Nf6 6. Nc3 O-O 7. O-O Na6 8. Bf4
Nc7 9. a4 b6 10. Re1 Bb7 11. Bf1 a6 12. Nd2 Rb8 13. Nc4 b5 14. axb5 axb5 15.
Na5 Qd7 16. Qd2 Ba8 17. f3 Rfd8 18. Red1 Nh5 19. Bg5 Bf6 20. Be3 Bg7 21. Ra2 b4
22. Ne2 e6 23. dxe6 Qxe6 24. Nc1 Qe7 25. Nab3 Ne6 26. Bc4 Be5 27. Nd3 Bg7 28.
Qf2 h6 29. Rda1 Qf6 30. Ra6 Bb7 31. Rb6 Qe7 32. Ra7 Qc7 33. Rb5 Nd4 34. Bxd4
cxd4 35. Bd5 Qc8 36. Rbxb7 Rxb7 37. Rxb7 Nf6 38. Rxb4 Nxd5 39. exd5 Re8 40.
Nxd4 Qa6 41. g3 Qa1+ 42. Qf1 Qa5 43. Nb5 1-0

[Event "4NCL-chT2 0001"]
[Site "Birmingham"]
[Date "2001.01.28"]
[Round "6.1"]
[White "Lee, Graham D"]
[Black "Berry, Stephen H"]
[Result "1/2-1/2"]
[WhiteElo "2313"]
[BlackElo "2279"]
[PlyCount "53"]
[EventDate "2000.11.26"]
[EventType "team"]
[EventRounds "11"]
[EventCountry "ENG"]
[SourceTitle "CBM 079 Extra"]
[Source "ChessBase"]
[SourceDate "2001.01.11"]
[SourceVersion "2"]
[SourceVersionDate "2001.01.25"]
[SourceQuality "1"]
[WhiteTeam "Wood Green II"]
[BlackTeam "Kigns Head"]
[WhiteTeamCountry "ENG"]
[BlackTeamCountry "ENG"]

1. e4 e5 2. Nf3 d6 3. d4 exd4 4. Qxd4 Nf6 5. Nc3 Be7 6. Bf4 O-O 7. Bc4 Nc6 8.
Qd2 a6 9. O-O Bg4 10. Nd4 Ne5 11. Bb3 Qc8 12. Nd5 Nxd5 13. exd5 Bf6 14. h3 Bd7
15. c3 Ng6 16. Bh2 Qd8 17. Ne6 fxe6 18. dxe6 Kh8 19. exd7 Qxd7 20. Bd5 c6 21.
Be4 d5 22. Bxg6 hxg6 23. Rfe1 Rfe8 24. Rxe8+ Rxe8 25. Re1 Rxe1+ 26. Qxe1 Qf5
27. Qd1 1/2-1/2

[Event "4NCL-chT2 0001"]
[Site "Birmingham"]
[Date "2001.03.17"]
[Round "7.1"]
[White "Carleton, John J"]
[Black "Berry, Stephen H"]
[Result "1-0"]
[WhiteElo "2244"]
[BlackElo "2279"]
[PlyCount "131"]
[EventDate "2000.11.26"]
[EventType "team"]
[EventRounds "11"]
[EventCountry "ENG"]
[SourceTitle "CBM 079 Extra"]
[Source "ChessBase"]
[SourceDate "2001.01.11"]
[SourceVersion "2"]
[SourceVersionDate "2001.01.25"]
[SourceQuality "1"]
[WhiteTeam "BCCA"]
[BlackTeam "Kigns Head"]
[WhiteTeamCountry "ENG"]
[BlackTeamCountry "ENG"]

1. d4 Nf6 2. c4 e6 3. Nc3 Bb4 4. f3 d5 5. a3 Bxc3+ 6. bxc3 c5 7. cxd5 Nxd5 8.
dxc5 Qa5 9. e4 Nc7 10. Be3 e5 11. Qb3 Nba6 12. Bc4 Be6 13. Bxe6 Nxe6 14. c6 b6
15. Rd1 O-O 16. Ne2 Rac8 17. O-O Rxc6 18. Qd5 Qa4 19. Qxe5 Nac7 20. Nd4 f6 21.
Qg3 Rxc3 22. Nf5 g6 23. Bd4 Nxd4 24. Rxd4 Qxa3 25. h4 Kh8 26. Rd7 Qc5+ 27. Kh2
Ne6 28. Nh6 Qh5 29. Ng4 Rc6 30. Rfd1 g5 31. Rxa7 gxh4 32. Qf2 Qg5 33. Qe3 h5
34. Qxg5 fxg5 35. Ne5 Rcc8 36. Ng6+ Kg8 37. Ne7+ Kh8 38. Nxc8 Rxc8 39. Rd6 Nf4
40. Rxb6 h3 41. gxh3 Rc2+ 42. Kg1 Nxh3+ 43. Kf1 Rc1+ 44. Ke2 Nf4+ 45. Kd2 Rc8
46. Rb5 Rd8+ 47. Ke1 g4 48. fxg4 hxg4 49. Rg5 Re8 50. Ra4 Nd3+ 51. Kd2 Ne5 52.
Ke3 Kh7 53. Kf4 Nd3+ 54. Kxg4 Re7 55. Kf3 Kh6 56. Rg1 Ne5+ 57. Ke3 Kh5 58. Ra8
Ng4+ 59. Kd4 Rd7+ 60. Kc5 Rg7 61. e5 Rg6 62. Re8 Kg5 63. e6 Kf6 64. Kd6 Kg7 65.
Re7+ Kh6 66. Rf7 1-0

[Event "4NCL-chT2 0001"]
[Site "Birmingham"]
[Date "2001.03.18"]
[Round "8.1"]
[White "Berry, Stephen H"]
[Black "Povah, Nigel E"]
[Result "1/2-1/2"]
[WhiteElo "2279"]
[BlackElo "2359"]
[PlyCount "50"]
[EventDate "2000.11.26"]
[EventType "team"]
[EventRounds "11"]
[EventCountry "ENG"]
[SourceTitle "CBM 079 Extra"]
[Source "ChessBase"]
[SourceDate "2001.01.11"]
[SourceVersion "2"]
[SourceVersionDate "2001.01.25"]
[SourceQuality "1"]
[WhiteTeam "Kigns Head"]
[BlackTeam "Guildford II"]
[WhiteTeamCountry "ENG"]
[BlackTeamCountry "ENG"]

1. e4 d5 2. exd5 Nf6 3. Be2 Qxd5 4. Nf3 Bg4 5. O-O Nc6 6. h3 Bxf3 7. Bxf3 Qd7
8. Nc3 O-O-O 9. d3 Rg8 10. Be3 Kb8 11. d4 e6 12. Qe2 g5 13. Qb5 Nd5 14. Nxd5
exd5 15. c4 Ne7 16. Qb3 f5 17. cxd5 Nxd5 18. Rfe1 c6 19. Bd2 Bd6 20. Bxd5 cxd5
21. Bb4 Rge8 22. Bxd6+ Qxd6 23. Qd3 Qf6 24. Rad1 h6 25. b3 a6 1/2-1/2

[Event "4NCL-chT2 0001"]
[Site "Birmingham"]
[Date "2001.05.05"]
[Round "9.1"]
[White "Davies, Nigel R"]
[Black "Berry, Stephen H"]
[Result "1-0"]
[WhiteElo "2469"]
[BlackElo "2279"]
[PlyCount "121"]
[EventDate "2000.11.26"]
[EventType "team"]
[EventRounds "11"]
[EventCountry "ENG"]
[SourceTitle "CBM 079 Extra"]
[Source "ChessBase"]
[SourceDate "2001.01.11"]
[SourceVersion "2"]
[SourceVersionDate "2001.01.25"]
[SourceQuality "1"]
[WhiteTeam "3CS Oldham"]
[BlackTeam "Kigns Head"]
[WhiteTeamCountry "ENG"]
[BlackTeamCountry "ENG"]

1. d4 Nf6 2. Nf3 e6 3. g3 b6 4. Bg2 Bb7 5. c4 Be7 6. O-O O-O 7. Re1 d5 8. cxd5
exd5 9. Nc3 Na6 10. Bf4 Qd7 11. Qc2 Rfd8 12. Rad1 h6 13. Be5 Ne4 14. Nxe4 dxe4
15. Nd2 f5 16. a3 Qe6 17. e3 c5 18. Bf1 cxd4 19. exd4 Kh8 20. Bc4 Qg6 21. Qb3
Bd6 22. Bf7 Qg5 23. Nc4 Bxe5 24. Nxe5 Qf6 25. h4 Nc5 26. dxc5 Qxe5 27. cxb6 f4
28. bxa7 fxg3 29. Qxg3 Qf6 30. Rxd8+ Rxd8 31. Bc4 e3 32. f3 Qd4 33. b3 Qxa7 34.
a4 Rf8 35. f4 Re8 36. Kh2 Qd4 37. Qg4 Rf8 38. Rf1 Qd2+ 39. Qe2 Qd4 40. Kg3 Rf6
41. Qd3 Qc5 42. Re1 Rf8 43. Qxe3 Qc6 44. Rg1 Re8 45. Qf2 Qf6 46. Rd1 Qf5 47.
Kh2 Qe4 48. a5 Rf8 49. Re1 Qc6 50. a6 Ba8 51. Rg1 Qf6 52. Rd1 Re8 53. a7 Bc6
54. Bd5 Ra8 55. Bxc6 Qxc6 56. Ra1 Qb7 57. Qe3 Qc6 58. b4 Qd5 59. Kg3 Kh7 60. b5
Rc8 61. Re1 1-0

[Event "4NCL-chT2 0001"]
[Site "Birmingham"]
[Date "2001.05.06"]
[Round "10.2"]
[White "Buckley, David"]
[Black "Berry, Stephen H"]
[Result "0-1"]
[WhiteElo "2176"]
[BlackElo "2279"]
[PlyCount "92"]
[EventDate "2000.11.26"]
[EventType "team"]
[EventRounds "11"]
[EventCountry "ENG"]
[SourceTitle "CBM 079 Extra"]
[Source "ChessBase"]
[SourceDate "2001.01.11"]
[SourceVersion "2"]
[SourceVersionDate "2001.01.25"]
[SourceQuality "1"]
[WhiteTeam "Bristol II"]
[BlackTeam "Kigns Head"]
[WhiteTeamCountry "ENG"]
[BlackTeamCountry "ENG"]

1. e4 e5 2. Bc4 Nf6 3. d3 c6 4. Nf3 Be7 5. O-O d6 6. Bb3 Qc7 7. Ng5 O-O 8. f4
Nbd7 9. a3 Nc5 10. Ba2 h6 11. Nf3 Bg4 12. h3 Be6 13. Bxe6 Nxe6 14. fxe5 dxe5
15. Nbd2 Rad8 16. Qe1 b5 17. Qg3 Nf4 18. Kh1 Ne2 19. Qf2 Nh5 20. Kh2 Neg3 21.
Re1 f5 22. Nf1 f4 23. Bd2 Nxf1+ 24. Rxf1 Ng3 25. Rfe1 g5 26. Bc3 Bf6 27. Qc5
Rfe8 28. a4 b4 29. Bxb4 Qg7 30. Qxc6 h5 31. Bc5 g4 32. Ng1 Kh8 33. Ne2 Rg8 34.
Nxg3 gxh3 35. Kg1 Rc8 36. Qd6 Rgd8 37. Qe6 Rxc5 38. Qxh3 fxg3 39. Qxh5+ Qh7 40.
Qxh7+ Kxh7 41. Re2 Bg5 42. Ra3 Rc6 43. b4 Rf6 44. Re1 Bd2 45. Rb1 Be3+ 46. Kh1
Rh6# 0-1

[Event "4NCL-chT2 0001"]
[Site "Birmingham"]
[Date "2001.05.07"]
[Round "11.2"]
[White "Berry, Stephen H"]
[Black "Corkett, Anthony"]
[Result "1/2-1/2"]
[WhiteElo "2279"]
[BlackElo "2287"]
[PlyCount "43"]
[EventDate "2000.11.26"]
[EventType "team"]
[EventRounds "11"]
[EventCountry "ENG"]
[SourceTitle "CBM 079 Extra"]
[Source "ChessBase"]
[SourceDate "2001.01.11"]
[SourceVersion "2"]
[SourceVersionDate "2001.01.25"]
[SourceQuality "1"]
[WhiteTeam "Kigns Head"]
[BlackTeam "Wessex"]
[WhiteTeamCountry "ENG"]
[BlackTeamCountry "ENG"]

1. e4 c5 2. Nf3 g6 3. d4 Bg7 4. dxc5 Qa5+ 5. Nc3 Qxc5 6. Nd5 Qa5+ 7. c3 d6 8.
Nd4 Nf6 9. Nxf6+ Bxf6 10. Bc4 Nc6 11. O-O Bg7 12. Be3 O-O 13. Bb3 Bd7 14. f4 b5
15. Bd5 Rac8 16. Qd2 Nxd4 17. Bxd4 Bxd4+ 18. Qxd4 Qc7 19. Rad1 Qc5 20. f5 Qxd4+
21. Rxd4 Kg7 22. Rf2 1/2-1/2

[Event "Surrey Championship"]
[Site "?"]
[Date "2002.??.??"]
[Round "?"]
[White "Berry, Stephen H"]
[Black "Thurlow, Kevin J"]
[Result "1/2-1/2"]
[WhiteElo "2265"]
[BlackElo "2100"]
[PlyCount "77"]
[EventDate "2002.??.??"]

1. e4 c5 2. Nf3 e6 3. d3 Nc6 4. g3 g6 5. Bg2 Bg7 6. O-O Nge7 7. c3 O-O 8. d4
cxd4 9. cxd4 d5 10. e5 Nf5 11. Nc3 f6 12. g4 Nfe7 13. exf6 Bxf6 14. Bh6 Bd7 15.
Bxf8 Qxf8 16. Qd2 Qg7 17. Rad1 g5 18. Ne2 Ng6 19. h3 h6 20. Ne1 Rf8 21. Nc2 Be7
22. f4 gxf4 23. Nxf4 Bg5 24. Nh5 Rxf1+ 25. Bxf1 Qe7 26. Qf2 Nh4 27. Bg2 Be8 28.
Re1 Nxg2 29. Qxg2 Bg6 30. Rf1 Nxd4 31. Nxd4 Be3+ 32. Kh1 Bxd4 33. Re1 Be4 34.
Rxe4 dxe4 35. Qxe4 Bxb2 36. Nf4 Qf7 37. Qxe6 Qxe6 38. Nxe6 b5 39. Nc7 {sealed
- but agreed drawn without resumption (source: Kevin Thurlow)} 1/2-1/2

[Event "Surrey Championship"]
[Site "?"]
[Date "2002.??.??"]
[Round "?"]
[White "Thurlow, Kevin J"]
[Black "Berry, Stephen H"]
[Result "0-1"]
[WhiteElo "2100"]
[BlackElo "2265"]
[PlyCount "78"]
[EventDate "2002.??.??"]

1. e4 e5 2. Nf3 Nc6 3. Bb5 g6 4. O-O Bg7 5. c3 a6 6. Ba4 d6 7. h3 Nf6 8. d4 Bd7
9. Re1 Qe7 10. Nbd2 O-O 11. d5 Nb8 12. c4 a5 13. Nf1 Bxa4 14. Qxa4 Na6 15. Ng3
Nc5 16. Qc2 a4 17. Bg5 h6 18. Bxf6 Qxf6 19. b4 axb3 20. axb3 Qe7 21. b4 Nd7 22.
Qd2 Kh7 23. h4 h5 24. Nf1 Bh6 25. Qe2 Kg7 26. g3 Nf6 27. Ng5 Bxg5 28. hxg5 Nh7
29. f4 f6 30. gxf6+ Qxf6 31. Rxa8 Rxa8 32. f5 gxf5 33. Qxh5 Ng5 34. Ne3 fxe4
35. Rf1 Nf3+ 36. Kg2 Ra2+ 37. Kh1 Qg6 38. Nf5+ Qxf5 39. Qxf5 Rh2# {Source:
Kevin Thurlow} 0-1

[Event "Dresden ZMD op"]
[Site "Dresden"]
[Date "2002.??.??"]
[Round "1"]
[White "Shmirin, Igor"]
[Black "Berry, Stephen H"]
[Result "1/2-1/2"]
[WhiteElo "2195"]
[BlackElo "2345"]
[PlyCount "66"]
[EventDate "2002.07.18"]
[EventType "swiss"]
[EventRounds "9"]
[EventCountry "GER"]
[SourceTitle "EXT 2003"]
[Source "ChessBase"]
[SourceDate "2002.11.25"]
[SourceVersion "1"]
[SourceVersionDate "2002.11.25"]
[SourceQuality "1"]

1. d4 Nf6 2. Bg5 e6 3. e3 h6 4. Bxf6 Qxf6 5. Qf3 Qd8 6. Nd2 d6 7. Bc4 Nc6 8.
Ne2 Bd7 9. O-O g6 10. c3 Bg7 11. Qg3 Qe7 12. f4 O-O-O 13. b4 Rdg8 14. b5 Nd8
15. a4 f5 16. a5 g5 17. Qe1 c5 18. dxc5 dxc5 19. Nb3 e5 20. Qd2 Be6 21. Bd5
exf4 22. exf4 Bf8 23. Rad1 Rg6 24. Rfe1 Qd6 25. Kh1 Be7 26. c4 Qc7 27. a6 Bxd5
28. Qxd5 Rf8 29. fxg5 hxg5 30. Ng3 Rgf6 31. axb7+ Nxb7 32. Qf3 g4 33. Qe2 Kb8
1/2-1/2